All Friday Night Funkin Songs Part 1 - Statistics

General Stats
  • This quiz has been taken 57 times
    23 since last reset
  • The average score is 52 of 500
Answer Stats
Opponent Songs % Correct
Girlfriend Tutorial
100%
Daddy Dearest Fresh
88%
Daddy Dearest Bopeebo
81%
Daddy Dearest Dad Battle
81%
Pico Pico
81%
Pico Blammed
75%
Tankman Guns
75%
Mommy Mearest High
75%
Monster Monster
75%
Pico Philly
75%
Pump South
75%
Skid Spookeez
75%
Tankman Stress
75%
Tankman Ugh
75%
Winter Monster Winter Horrrorland
75%
DD & MM Cocoa
69%
DD & MM Eggnog
69%
Mommy Mearest M.I.L.F.
69%
Angry Senpai Roses
69%
Mommy Mearest Satin Panties
69%
Senpai Senpai
69%
Spirit Thorns
69%
Angry Whitty Ballistic
63%
Dave & Bambi Glitch
56%
Virus Hex Glitcher
56%
Whitty Lo Fight
56%
Tricky Demon Hellclown
50%
Worried Garcello Nerves
50%
Angry Agoti A.G.O.T.I.
44%
Hex Encore
44%
EX Tricky Expurgation
44%
Ghost Garcello Fading
44%
Zardy Foolhardy
44%
Shaggy Chapter 3 God Eater
44%
Garcello Headache
44%
Hex Hello World
44%
Tricky With Mask Improbable Outset
44%
Tricky Without Mask Madness
44%
Demon Sky Manifest
44%
Whitty Overhead
44%
Hex R.A.M.
44%
Ghost Garcello Release
44%
Angry Sky Sky
44%
Angry Bob Withered
44%
Kapi Beathoven
38%
Carol Body
38%
Carol Boogie
38%
Carol Carol Roll
38%
Selever Casanova
38%
Hex Dunk
38%
Angry Tabi Genocide
38%
Demon Sarvente Gospel
38%
Tabi Last Chance
38%
Tabi My Battle
38%
Agoti Parasite
38%
Sarvente Parish
38%
Creepy Bob Run
38%
Agoti Screenplay
38%
Bob Sunshine
38%
Matt Target Practice
38%
Angry Sarvente Worship
38%
Ruv Zavodila
38%
Annie Animal
31%
Monika High School Conflict
31%
Annie Lover
31%
Cloud Guy Remorse
31%
KOU Space Boy
31%
Annie Tug Of War
31%
Shaggy Chapter 2 Whats New
31%
Shaggy Chapter 1 Where Are You
31%
Sky Wife Forever
31%
Salty's Sunday Night Best Girl
25%
Shaggy Chapter 1 Eruption
25%
Annie Good Enough
25%
Kapi Hairball
25%
Shaggy Chapter 1 Kaio Ken
25%
KOU K.O.U.
25%
Tord Norway
25%
Kapi Nyaw
25%
Miku (1.0) PoPiPo
25%
Daddy Dearest (Restored Song With Miku Mod) Ridge
25%
Matt Ruckus
25%
Angry Matt Sporting
25%
Starecrown Stare
25%
Shaggy Chapter 2 Super Saiyan
25%
Imposter (Sorry) Sussus Moogus
25%
Tordbot Tordbot
25%
Strong Neon Transgression
25%
Kapi Wocky
25%
CJ + Ruby Artificial Lust
19%
Shaggy Chapter 2 Blast
19%
Angry Matt Boxing Match
19%
KOU Cosmic
19%
Miku (1.0) Disappearance
19%
Salty's Sunday Night Freedom!
19%
Starving Artist Hunger
19%
Matt Light It Up
19%
Salty's Sunday Night Opheebop
19%
Neon Ordinance
19%
Salty's Sunday Night Salty Love
19%
Noke | Pixel BF (Unused) Test
19%
Starving Artist Aspire
13%
Pig Bad Piggies
13%
Monika Bara No Yume
13%
Flox | Salty's Sunday Night Buckets
13%
Deep Sea Date | Friendly Night Funkin' Chill
13%
Corruption Chiller
13%
Liz Classroom
13%
Starving Artist Crybaby
13%
Salty's Sunday Night Daughter Complex
13%
Corruption | Super Angry Matt Deathmatch
13%
Salty's Sunday Night Defend
13%
Ruby Echos
13%
Starving Artist Empty
13%
Carol Golf Endless
13%
Suit Forever
13%
Carol Golf Golf
13%
Salty's Sunday Night Indie Star
13%
Pom Pom Key Lime
13%
Super Angry Matt King Hit
13%
Salty's Sunday Night Logarithms
13%
Imposter Meltdown
13%
Roblox Noob Full Week Noob
13%
Roblox Noob Full Week Oof
13%
Salty's Sunday Night Order Up!
13%
X Chara Overwrite
13%
Sarvente and Ruv Panic Stricken
13%
Pom Pom + Mackie Pom Pomeranian
13%
Salty's Sunday Night Protect
13%
Duck (Tree Mod) Quack
13%
Tree Revolution
13%
Hurt Sketchy Rip And Tear
13%
Salty's Sunday Night Rising Star
13%
Kris Rude Buster
13%
Salty's Sunday Night Rush Hour!
13%
Salty's Sunday Night Safeguard
13%
Ayana (EX Girlfriend) Something Spiteful
13%
Salty's Sunday Night Sour n' Scary
13%
Pom Pom Stomachache
13%
Miku (1.0) Suck It Up
13%
Salty's Sunday Night Superstar
13%
Salty's Sunday Night Sweet n' Spooky
13%
Salty's Sunday Night Terminal
13%
Aflac The End
13%
Matt Finale TKO
13%
Monika Your Demise
13%
Miku (1.0) Aishite Aishite
6%
Loki All Nighter
6%
Beach Brother Beach Brawl
6%
Phil Eggtree Beaver Spit
6%
K.K. Slider Bubblegum K.K.
6%
Pig (Angry Birds) Cake Race
6%
Clownso Clown Shoes
6%
Loki Co op
6%
Pig Courtroom
6%
Salty's Sunday Night Daddy's Girl
6%
Sly Demise
6%
Super Angry Matt Fisticuffs
6%
FL Chan FL Slayer
6%
Liz Forbidden Love
6%
Gacha Life Mod Gacha Life
6%
CG5 Gimme A Break
6%
Phil Eggtree Hall Pass
6%
Hell Carol Hell Roll
6%
Neon Highrise
6%
Dave & Bambi House
6%
Ink Sans Inking Mistake
6%
CG5 Knock Knock
6%
Sketchy Line Art
6%
CG5 Man On Stilts
6%
Deep Sea Date Marine
6%
Chara Megalo Strike Back
6%
Corruption M.I.L.K.
6%
Banjo (Banjo Kazooie) New Moves
6%
Anders Psychoneurotic
6%
Sans Reality Check
6%
X Gaster Relighted
6%
Corruption Roots
6%
Imposter Sabotage
6%
Corruption Sanguine South
6%
Sketchy Sketched Out
6%
Unused Song Smash
6%
Nene Smooth
6%
Starecrown Staredown
6%
Sans Stronger
6%
Pom Pom Sugar Cookie
6%
X Red Summing Up
6%
Beach Brother Surf's Up
6%
Jevil The World Revolving
6%
Sarvente and Ruv Too Clergy
6%
Deep Sea Date Trident
6%
Tree Trunk
6%
Release + Animal Official Remix Unleashed
6%
Tree Warning
6%
Marked Abandoned
0%
Abigail Abigail
0%
Chainsaw Dance Girl | Fancy Pants Adventure
0%
Suit Ai Ally
0%
Door Salesman Ajar
0%
Unofficial SiIva Among Drip
0%
Jebus Anticipation
0%
Grunko (Super Space Showdown) Apollo
0%
Cyrix Assembly
0%
Cosmo Calamity Bad Gateway
0%
Yoma Ballad Of Chaos
0%
Liz Battle
0%
Friendly Night Funkin' Beep
0%
Jester Bell Buster
0%
Berzerk Berserk
0%
Noke Beta Cringe
0%
Mackie Biscuit
0%
Poly Bitwit
0%
Aflac Blazeborn
0%
Dave & Bambi Blocked
0%
Yoma Blood Dance
0%
Sanford Blood In My Hands
0%
Rosie Bloom
0%
Clip Bonk
0%
Javarehab Bottomfeeder
0%
Chainsaw Dance Girl Boys N Girls
0%
Changed Mod Brain Rot
0%
Flash Games (Clippy Mod) Buddy Radio
0%
Static Buzz
0%
Clownso Carnival Chaos
0%
Noke Cavern
0%
RidZak + Cybbr Challenger
0%
Dave & Bambi Cheating
0%
Melty Chills
0%
Aflac Chorus
0%
Xe Clash
0%
Funkin' Frog World Climax
0%
Hypno Clippin' in Cold Blood
0%
Macy Coffee Date
0%
DMD Compel
0%
No Wifi Dinosaur Connection
0%
FNF Quest | Sark (FNF Quest) Convict
0%
DMD Covetous
0%
Marked Cracked
0%
Steve Craft Away
0%
Friday Niite Freestyle Spookeez Creepz
0%
Roblox Noob Crossing My Road
0%
Friday Niite Freestyle Mom Cruise Control
0%
Cheese Cultured
0%
Dockside Duel Current
0%
Edscape Dacnomania
0%
Static Memories Damage
0%
Corruption Dead Pixel
0%
Ronald McDonald Deaf To All But The Ronald
0%
Lune Deathburn
0%
Dockside Duel Deep
0%
Edscape Deleterious
0%
Edscape Deliration
0%
Flexy Desierto
0%
Sanford Devil Hand
0%
Berzerk Devoid
0%
Anders Diminished
0%
Kiryu Discernment
0%
Noke Dissconnected
0%
Friday Night Sandboxin' Dollhouse
0%
Knight Done
0%
Friday Niite Freestyle Dad Doobop
0%
Door Salesman Doorcember
0%
Flash Games Doppel Doppler
0%
Foodieti James Drilled
0%
Flox Drum'n Run
0%
Corruption Dusk
0%
Dr. Springheel Dysphyrhmia
0%
Abigail Eat Your Heart Out!
0%
Friday Niite Freestyle Mom Ecstacy
0%
FL Chan Eferuchan
0%
RidZak + Cybbr Ego
0%
Friendly Night Funkin' Electrify
0%
Macy Electromace
0%
Phil Eggtree Electro Slide
0%
DMD Embark
0%
Nova Emotionless
0%
Abigail Engage Foe
0%
Berzerk ERROR
0%
X Red Examination
0%
DMD Extremus
0%
DMD Facade
0%
Scrapeface Faceoff
0%
Friday Night Sandboxin' Faraday
0%
Kris Field of Hopes and Dreams
0%
Javarehab Flatline
0%
Flox Flow
0%
Foodieti James Flowers
0%
Alfie Forest Fire
0%
Melty Freeze
0%
RidZak + Cybbr Frenzy
0%
FL Chan Fruity Reeverb 2
0%
Static Funhead
0%
Static Funk'd Up
0%
JTC Funk Off
0%
Friday Niite Freestyle Pico Funky Nice
0%
Dave & Bambi Furiosity
0%
Kapi (Unused) Fuzzy Distortion
0%
Loki Game On
0%
Mackie Gateau
0%
Static Genesis
0%
RidZak + Cybbr Genesis C
0%
Clownso Getting Hectic
0%
Macy Gigavolt
0%
Flexy Globetrotter
0%
Piccohoe Glok
0%
Alfie Goat
0%
Brick Frog God Race
0%
RidZak + Cybbr Golden
0%
Nene Gossip
0%
Flexy Gran Venta
0%
Brightside Grey Matters
0%
Friday Niite Freestyle Pico Gunfight
0%
Friendly Night Funkin' Haunted
0%
Omori Song 1 Headspace
0%
Friendly Night Funkin' Heartbreak
0%
Dr. Springheel Heart Throb
0%
Door Salesman Heaven's Door
0%
Poly Hexadec
0%
Slime Showdown High Noon
0%
Pumpkin Pie Highway
0%
Piccohoe Hoe
0%
Sly Hoodie
0%
Randy Hop 2 It
0%
Unofficial SiIva Ice Roses
0%
FNF Quest | Tatsuo (FNF Quest) Ignition
0%
JTC I'm Blue
0%
Nova Industrial
0%
Changed Mod Infected
0%
Lune Ingmar Ingvar
0%
Dave & Bambi Insanity
0%
Cyrix Integer Overflow
0%
Changed Mod Intelligence
0%
Friday Night Sandboxin' Interaction
0%
Displo Intermission
0%
Sly Intrusion
0%
Weegee INVASION
0%
CJ Inverted Ascencion
0%
Slime Showdown Jelly Jam
0%
Jester Jester
0%
Friday Niite Freestyle Mom Joyride
0%
Kapi (Custom) Kapisun
0%
Flash Games Kinda Like Music
0%
K.K. Slider K.K. Crusin
0%
K.K. Slider K.K. Metal
0%
Knight Knight
0%
Deep Sea Date Kraken
0%
Corruption Lament
0%
Persona Mod Last Suprise
0%
Kiryu Like A Butterfly
0%
Clip Limbs
0%
Aflac Loaf
0%
Suit Los Pitidos
0%
Foodieti James Low North
0%
Kiryu Machine Gun Kiss
0%
Custom Hex Song Malicious Software
0%
Plate Mana
0%
Persona Mod Mass Destruction
0%
Corruption Matricidal
0%
Sans Megalomaniac
0%
Melty Melted
0%
Bucketman Metal Head
0%
Clippy (Old Windows Mascot) Midi Manual
0%
Static Midnight Channel
0%
Cheese Milkshake
0%
Sanford Nevada Blood
0%
Luckyboy Nightlight
0%
Friday Niite Freestyle Pico Night Lights
0%
Friendly Night Funkin' Night Sky
0%
Flexy Noche
0%
Friday Niite Freestyle Spookeez | Pumpkin Pie North
0%
Displo No Signal
0%
Cosmo Calamity Not Found
0%
Demetrios Nova
0%
Weegee Obsolete
0%
Chainsaw Dance Girl Omega Rhythm
0%
RidZak + Cybbr Orbit
0%
RidZak + Cybbr Ouch
0%
Fancy Pants Ow
0%
Flexy Pain Gran Venta
0%
Brightside Parasitic Routine
0%
Piccohoe Parody
0%
Friendly Night Funkin' Party
0%
Clippy (Old Windows Mascot) Passport Please
0%
Anders Pentafluoride
0%
Brightside Personal Space Invasion
0%
Rosie Petals
0%
Marked Petrified
0%
Foodieti James Pico's Gone
0%
JTC Ping Pong
0%
Friendly Night Funkin' Pixel Pixel Rhythm Game!
0%
Friendly Night Funkin' Pixel Pixel Rhythm Game Over!
0%
Roblox Noob Full Week Play
0%
Friendly Night Funkin' Poetry
0%
Poly Polygonal
0%
Friendly Night Funkin' Possession
0%
Capt. Viridian Potential For Anything
0%
Demetrios Prelude
0%
Dockside Duel Pressure
0%
Capt. Viridian Pressure Cooker
0%
Static Primetime
0%
Knight Proof
0%
No Wifi Paper Proxy
0%
Static Memories Pulse
0%
Friendly Night Funkin' Purgatory
0%
Capt. Viridian Pushing Onwards
0%
Sly Quake
0%
Demetrios Quasar
0%
Friendly Night Funkin' Rage
0%
Friendly Night Funkin' Rain
0%
Clip Ray
0%
No Wifi Dinosaur Refresh
0%
Friday Niite Freestyle Dad Refreshed
0%
Jester Rehearsal
0%
Brightside Reign of Apathy
0%
Funkin' Frog World Relaxing
0%
Changed Mod Reliving the Past
0%
Friendly Night Funkin' Rest
0%
Cheese Restaurante
0%
DMD (Detra's Mental Decimation) Retricus
0%
Persona Mod Rivers in the Desert
0%
Unofficial SiIva Rodri Pico
0%
Foodieti James Roses Flip
0%
Dagoto Rough
0%
Loki Rumble
0%
Issac Sacrificial
0%
Brightside Saving Face
0%
Foodieti James Scareez
0%
Corruption Scizophrenzy
0%
Scrapeface Scraped
0%
Stardust Mod Senpai's True Form
0%
Cosmo Calamity Service Unavailable
0%
Noke Shine
0%
Xe Shockwave
0%
Dr. Springheel Sinus Rhythm
0%
Slime Showdown Slime Squaredance
0%
Foodieti James Sorrow
0%
Persona Mod Specialist
0%
Alfie Spectral Sonnet
0%
Weegee Speghetti
0%
Relish Spicy
0%
Foodieti James Spookeez Flip
0%
Friday Niite Freestyle Dad Spooky Fight
0%
Grunko Spork
0%
Friday Night Sandboxin' Spyware
0%
Stardust Mod Starstruck
0%
Displo Static Saloon
0%
Javarehab Strings Attached
0%
Ashtoreth Stylish Sacrifice
0%
StarCatcher Spookeez (3rd Song) Sugar Rush
0%
Suit Sunset
0%
Nova Supernova
0%
Dave & Bambi Supernovae
0%
Deep Sea Date Sweet Waves
0%
Cyrix System Crashs
0%
Nene Teen Suicide
0%
Brick Frog Temptation Stairway
0%
DMD Terminus
0%
X Red The Real Deal
0%
Changed Mod The Student
0%
Beach Brother Tides
0%
Friendly Night Funkin' Tinkering
0%
Aflac Trance
0%
Phil Eggtree Transferred
0%
Corruption Treacherous Thorns
0%
Changed Mod True Ending
0%
Friday Niite Freestyle Pico Turf War
0%
Grunko Ultra Blaster
0%
Steve Uoh
0%
RidZak + Cybbr Vast
0%
Friendly Night Funkin' Veronica
0%
Berzerk Vexed
0%
RidZak + Cybbr Vibe
0%
Friendly Night Funkin' Vibes
0%
Suit Vibing
0%
Ladon (FNF Quest) Video-Out
0%
FNF Quest Video Out
0%
Cyrix Voltage
0%
Flash Games Vortex Hopper
0%
Ralsei Vs Ralsei
0%
Changed Mod Waking Up
0%
Weegee Weegee
0%
Lune What Yer Offer
0%
Yoma Will Be Mine
0%
Super Angry Matt Wind Up
0%
FNF Quest | Kenafo (FNF Quest) Wooly
0%
Clippy (Old Windows Mascot) Word Processor
0%
Fancy Pants World 1
0%
Knight (Castle Crashers) Worthy
0%
Sly Wow
0%
Brightside You Are A Fool
0%
Friendly Night Funkin' Your Reality
0%
No matching quizzes found
Score Distribution
Percent of People with Each Score
Percentile by Number Answered
Your Score History
You have not taken this quiz since the last reset